1801 1997 1286 1266 1916 1459 1926 1846 1698 1324 1532 1141 1713 1192 1072 1971 1375 1468 1746 1686 1858 1305 1770 1932 1568 1252 1545 1976 1516 1349 1333 1461 1286 1370 1663 1694 1200 1303 1150 1437 1490 1818 1082 1294 1963 1186 1962 1003 1576 1280 1429 1759 1973 1599 1297 1842 1726 1823 1453 1407 1760 1711 1240 1970 1087 1053 1222 1146 1875 1318 1782 1959 1819 1317 1899 1688 1317 1379 1113 1372 1597 1718 1238 1014 1609 1285 1493 1899 1025 1584 1940 1582 1671 1813 1308 1986 1610 1725 1567 BCNSPRNW ULIB Ver.6.0+V

เปลี่ยนเป็นภาษาไทย

Change to English
 แสดงรายละเอียดบรรณานุกรม
  กลับหน้าหลัก

Brief Record : Get Marc (ISO 2709) : E-mail record : QR code < ปิดหน้าต่าง
LEADER : 00000nam 2200000uu 4500
001    13399127587
003     ULIB
008    210222s2560||||th 000 0 tha d
020    ^a9786164430419
060  0 ^aWH100^bC758
245 00 ^aConsultative Hematology/^cบรรณาธิการ, อาจรบ คูหาภินันทน์, เอกพันธ์ ครุพงค์
260    ^aกรุงเทพฯ :^bสาขาวิชาโลหิตวิทยา ภาควิชาอายุรศาสตร์ คณะแพทยศาสตร์ศิริราชพยาบาล,^c2560
300    ^a200 หน้า
650  0 ^aHematology
650  0 ^aโลหิตวิทยา
710 1  ^aคณะแพทยศาสตร์ศิริราชพยาบาล.^bภาควิชาอายุรศาสตร์.^bสาขาวิชาโลหิตวิทยา.
945    ^p250^l0^i007649
945    ^p250^l0^i007650
945    ^p250^l0^i007651
999    ^aประนอม เกษจรัล
รายการนี้ยังไม่มีแท็ก
คุณยังไม่ได้ล็อกอิน คุณสามารถมีกิจกรรมร่วมกับเว็บไซต์ได้ แต่ต้องล็อกอินก่อน ::
  ล็อกอิน

รายการสื่อสารสนเทศ

ลำดับที่ ประเภท เลขเรียก/บาร์โค้ด สถานที่ สถานะ
1. วิทยาศาสตร์การแพทย์ และสุขภาพ
หนังสือสำรอง
สถานะ=หนังสือสำรอง
WH100 C758 ฉ.1 
  Barcode: 007649
ห้องสมุดวิทยาเขตสวรรค์ประชารักษ์
►หนังสือทั่วไป
บนชั้น
2. วิทยาศาสตร์การแพทย์ และสุขภาพ
วิทยาศาสตร์การแพทย์ และสุขภาพ
WH100 C758 ฉ.2 
  Barcode: 007650
ห้องสมุดวิทยาเขตสวรรค์ประชารักษ์
►หนังสือทั่วไป
บนชั้น
3. วิทยาศาสตร์การแพทย์ และสุขภาพ
วิทยาศาสตร์การแพทย์ และสุขภาพ
WH100 C758 ฉ.3 
  Barcode: 007651
ห้องสมุดวิทยาเขตสวรรค์ประชารักษ์
►หนังสือทั่วไป
บนชั้น

รายการใกล้เคียง
    หัวเรื่อง [Hematology]
    หัวเรื่อง [โลหิตวิทยา]

BibComment


ยังไม่เคยถูกคอมเมนท์

คอมเมนท์ทรัพยากรรายการนี้
  คอมเมนท์: Consultative Hem..


 Copyright 2026. Bcnsprnw @Library